000 02480cam a22002771i 4500
003 SA-RiAUC
005 20241116085107.0
008 241116s2010____ua g 000 0 ara c
040 _aSA-RiIMS
_bara
_cSA-RiAUC
_erda
082 0 4 _a240
_qSA-RiAUC
090 _a240
_bا ب ن و
100 1 _aابن الوزير، محمد بن إبراهيم بن علي،
_d775-840 هجري
_eمؤلف.
245 1 0 _aإيثار الحق على الخلق /
_cمحمد بن إبراهيم بن الوزير ؛ تحقيق أبي عبد الرحمن نبيل صلاح عبد المجيد سليم.
250 _aالطبعة الأولى.
264 1 _aالمنصورة، مصر :
_bمكتبة ابن عباس،
_c2010
300 _a2 مجلد ؛
_c24 سم
336 _aنص
_btxt
_2rdacontent
_3كتاب
337 _aبدون وسيط
_bn
_2rdamedia
338 _aمجلد
_bnc
_2rdacarrier
650 7 _aعلم الكلام
_2aucsh
700 1 _aسليم، أبي عبد الرحمن نبيل صلاح عبد المجيد
_eمحقق.
856 _uhttp://dlib.nyu.edu/aco/book/columbia_aco000640/1?lang=ar
_yDigital Copy
_2 نرجو الانتباه لإمكانية وجود اختلاف في الطبعة أو الناشر بين البيانات على البوابة وما ستجده على الكتاب نظرا لمحدودية المعلومات المتاحة على الموقع الناشر للمادة.
_3Please note that there may be a difference in the edition or publisher between the data on the portal and the book due to the limited information available on the publisher website for the material.
856 _uhttp://dl-img.home.nyu.edu/adore-djatoka/resolver?url_ver=Z39.88-2004&svc_id=info%3Alanl-repo/svc/getRegion&svc_val_fmt=info%3Aofi/fmt%3Akev%3Amtx%3Ajpeg2000&svc.format=image/jpeg&rft_id=http%3A//dlib.nyu.edu/files/books/columbia_aco000640/columbia_aco000640_afr01_d.jp2&svc.scale=230
_yCoverImage
_2 نرجو الانتباه لإمكانية وجود اختلاف في الطبعة أو الناشر بين البيانات على البوابة وما ستجده على الكتاب نظرا لمحدودية المعلومات المتاحة على الموقع الناشر للمادة.
_3Please note that there may be a difference in the edition or publisher between the data on the portal and the book due to the limited information available on the publisher website for the material.
942 _2ddc
_cBOOK
949 _aSA-JeALM
_d241116
_ukhaled123
_n1
999 _c2384
_d2384